| 000 | 00355pab a2200145 454500 | ||
|---|---|---|---|
| 008 | 180718b1986 xxu||||| |||| 00| 0 eng d | ||
| 100 | _aCarney, Claire P. | ||
| 245 | _aFree school Books - a redistributive failure | ||
| 260 | _c1986 | ||
| 300 | _a317-37 | ||
| 362 | _aar. | ||
| 650 | _aTextbooks - Ireland | ||
| 773 | _aAdministration | ||
| 909 | _a19302 | ||
| 999 |
_c19302 _d19302 |
||